Rozhlasové přijímače moderní konstrukce /

Gespeichert in:
Bibliographische Detailangaben
1. Verfasser: Maurenc, Jiří (VerfasserIn)
Format: Buch
Sprache:Tschechisch
Veröffentlicht: Praha : Vydavatelství obchodu, 1966
Ausgabe:[1. vyd.]
Schriftenreihe:Knižnice zbožíznaleckých příruček svazek 21
Schlagworte:
Online-Zugang: Volltext
Tags: Tag hinzufügen
Keine Tags, Fügen Sie den ersten Tag hinzu!

MARC

LEADER 00000nam a2200000 4500
003 SK-BrCVT
005 20220621162606.0
008 070430s1966 cs e ||||||cze d
035 |a CVTIDW1409657 
040 |b slo  |a CVTI SR  |e AACR2 
041 0 |a cze 
044 |a cs 
080 |a 621.396.62  |2 UDC-MRF 
100 1 |a Maurenc, Jiří  |4 aut 
245 1 0 |a Rozhlasové přijímače moderní konstrukce /  |c Jiří Maurenc 
250 |a [1. vyd.] 
260 |a Praha :  |b Vydavatelství obchodu,  |c 1966 
300 |a 128 s. :  |b fotogr., grafy, lit., obr., tab. ; 
490 1 |a Knižnice zbožíznaleckých příruček  |v svazek 21  |3 1409656 
653 1 |a rozhlasový prijímač  |a moderná konštrukcia 
760 1 |t Knižnice zbožíznaleckých příruček 
910 |b A197482  |b A268241 
974 |f Knihy 
992 |a APP 
999 |c 151346  |d 151346